| 000 | 00981nmm a2200349 a 4500 | ||
|---|---|---|---|
| 003 | AR-BaBNM | ||
| 005 | 20251128205915.0 | ||
| 008 | 108019s1996 ||||||||||||||000 | spa|| | ||
| 020 | _a950-9293-72-5 | ||
| 040 | _cAR-BaBNM | ||
| 100 | 1 | _aAlbergucci, Roberto Horacio | |
| 245 | 1 | 0 |
_aEducación y estado _borganización del sistema educativo |
| 250 | _a1ª ed. | ||
| 260 |
_aBuenos Aires _bDocencia _c1996 |
||
| 300 | 0 |
_a765 p. _bgráfs. |
|
| 504 | _aBibliografía general: p. 753-758 | ||
| 650 | 4 | _aESTADO Y EDUCACION | |
| 650 | 4 | _aHISTORIA DE LA EDUCACION | |
| 650 | 4 | _aPOLITICA EDUCATIVA | |
| 651 | 4 | _aArgentina | |
| 653 | 0 | _aSISTEMA EDUCATIVO | |
| 653 | 0 | _aSISTEMA EDUCATIVO | |
| 653 | 0 | _aLEY 1420 | |
| 653 | 0 | _aCONGRESO PEDAGOGICO | |
| 653 | 0 | _aLEGISLACION EDUCATIVA | |
| 653 | 0 | _aLEY FEDERAL DE EDUCACION | |
| 653 | 0 | _aREFORMA EDUCATIVA | |
| 653 | _aTRANSFORMACION EDUCATIVA | ||
| 653 | 0 | _aLEGISLACION EDUCATIVA | |
| 942 | _cBK | ||
| 998 | _carturo | ||
| 999 |
_c13246 _d13246 |
||